The balance of payments scenario (Record no. 4176)

000 -LEADER
fixed length control field 00379pab a2200145 454500
008 - FIXED-LENGTH DATA ELEMENTS--GENERAL INFORMATION
fixed length control field 180718b1987 xxu||||| |||| 00| 0 eng d
100 ## - MAIN ENTRY--PERSONAL NAME
Personal name Rangarajan, C.
245 ## - TITLE STATEMENT
Title The balance of payments scenario
260 ## - PUBLICATION, DISTRIBUTION, ETC.
Date of publication, distribution, etc. 1987
300 ## - PHYSICAL DESCRIPTION
Extent 69-72
362 ## - DATES OF PUBLICATION AND/OR SEQUENTIAL DESIGNATION
Dates of publication and/or sequential designation April-June
650 ## - SUBJECT ADDED ENTRY--TOPICAL TERM
Topical term or geographic name entry element Balance of Payments - India
773 ## - HOST ITEM ENTRY
Main entry heading Journal of the Indian Institute of Bankers
909 ## -
-- 4176
Holdings
Withdrawn status Lost status Damaged status Not for loan Permanent Location Current Location Date acquired Serial Enumeration / chronology Barcode Date last seen Price effective from Koha item type
        Indian Institute of Public Administration Indian Institute of Public Administration 2018-07-19 Volume no: 58, Issue no: 2 AR4179 2018-07-19 2018-07-19 Articles

Powered by Koha